[Event "Russian Rapid Team Championship (w)"]
[Site "Sochi"]
[Date "2022.10.18"]
[Round "2.3"]
[White "Zhapova, Yana"]
[Black "Badelka, Olga"]
[Result "1/2-1/2"]
[BlackElo "2316"]
[WhiteElo "2120"]
[LiveChessVersion "1.4.8"]

1. e4 {[%clk 0:14:36]} e5 {[%clk 0:15:18]} 2. Nf3 {[%clk 0:14:43]} Nc6
{[%clk 0:15:27]} 3. Bc4 {[%clk 0:14:49]} Bc5 {[%clk 0:15:35]} 4. d3
{[%clk 0:14:54]} Nf6 {[%clk 0:15:33]} 5. O-O {[%clk 0:14:58]} d6 {[%clk 0:15:31]}
6. c3 {[%clk 0:15:00]} Bb6 {[%clk 0:15:22]} 7. a4 {[%clk 0:14:52]} h6
{[%clk 0:15:25]} 8. Nbd2 {[%clk 0:14:46]} a5 {[%clk 0:15:24]} 9. Re1
{[%clk 0:14:25]} Qe7 {[%clk 0:14:27]} 10. Nf1 {[%clk 0:12:53]} Be6
{[%clk 0:12:05]} 11. Bb5 {[%clk 0:10:24]} Bd7 {[%clk 0:11:37]} 12. Ng3
{[%clk 0:10:08]} Ng4 {[%clk 0:09:40]} 13. d4 {[%clk 0:09:33]} O-O-O
{[%clk 0:09:11]} 14. h3 {[%clk 0:09:10]} Nf6 {[%clk 0:09:01]} 15. Be3
{[%clk 0:08:15]} exd4 {[%clk 0:08:42]} 16. cxd4 {[%clk 0:08:01]} Nb4
{[%clk 0:06:56]} 17. Bf1 {[%clk 0:06:53]} g5 {[%clk 0:06:39]} 18. Qb3
{[%clk 0:06:19]} g4 {[%clk 0:06:32]} 19. hxg4 {[%clk 0:05:52]} Nxg4
{[%clk 0:06:09]} 20. Bd2 {[%clk 0:05:16]} Nc6 {[%clk 0:05:59]} 21. Qc3
{[%clk 0:03:31]} Rhg8 {[%clk 0:02:06]} 22. Rac1 {[%clk 0:03:11]} Kb8
{[%clk 0:01:21]} 23. Bb5 {[%clk 0:01:34]} Nce5 {[%clk 0:00:56]} 24. Be2
{[%clk 0:00:39]} Nxf3+ {[%clk 0:00:36]} 25. Bxf3 {[%clk 0:00:47]} Nxf2
{[%clk 0:00:16]} 26. Kxf2 {[%clk 0:00:33]} Qh4 {[%clk 0:00:26]} 27. Bd1
{[%clk 0:00:15]} Bxd4+ {[%clk 0:00:34]} 28. Qxd4 {[%clk 0:00:23]} Qxg3+
{[%clk 0:00:42]} 29. Ke2 {[%clk 0:00:29]} Bg4+ {[%clk 0:00:38]} 30. Kf1
{[%clk 0:00:37]} Bxd1 {[%clk 0:00:31]} 31. Qf2 {[%clk 0:00:22]} Qxf2+
{[%clk 0:00:16]} 32. Kxf2 {[%clk 0:00:30]} Bxa4 {[%clk 0:00:24]} 33. Bxa5
{[%clk 0:00:28]} b6 {[%clk 0:00:34]} 34. Bd2 {[%clk 0:00:34]} Rg4
{[%clk 0:00:27]} 35. g3 {[%clk 0:00:16]} h5 {[%clk 0:00:32]} 36. Rc4
{[%clk 0:00:18]} Bb5 {[%clk 0:00:32]} 37. Rb4 {[%clk 0:00:27]} Bd7
{[%clk 0:00:15]} 38. Rh1 {[%clk 0:00:32]} Rdg8 {[%clk 0:00:19]} 39. Bf4
{[%clk 0:00:40]} Bc6 {[%clk 0:00:13]} 1/2-1/2

[Event "Russian Rapid Team Championship (w)"]
[Site "Sochi"]
[Date "2022.10.18"]
[Round "2.4"]
[White "Charochkina, Daria"]
[Black "Loskutova, Viktoriya"]
[Result "1-0"]
[BlackElo "2027"]
[WhiteElo "2245"]
[LiveChessVersion "1.4.8"]

1. d4 {[%clk 0:15:18]} Nf6 {[%clk 0:15:16]} 2. Nc3 {[%clk 0:15:27]} d5
{[%clk 0:15:24]} 3. Bf4 {[%clk 0:15:35]} Bf5 {[%clk 0:15:21]} 4. e3
{[%clk 0:15:43]} e6 {[%clk 0:15:25]} 5. Nf3 {[%clk 0:15:51]} Bb4 {[%clk 0:15:03]}
6. Bd3 {[%clk 0:15:57]} Ne4 {[%clk 0:14:49]} 7. O-O {[%clk 0:14:01]} Bxc3
{[%clk 0:09:46]} 8. bxc3 {[%clk 0:14:08]} O-O {[%clk 0:09:53]} 9. c4
{[%clk 0:13:34]} c5 {[%clk 0:08:17]} 10. cxd5 {[%clk 0:12:16]} Qxd5
{[%clk 0:07:21]} 11. c4 {[%clk 0:12:12]} Qd8 {[%clk 0:07:29]} 12. Qb1
{[%clk 0:07:39]} Nd6 {[%clk 0:04:24]} 13. Bxf5 {[%clk 0:07:33]} exf5
{[%clk 0:04:32]} 14. Bxd6 {[%clk 0:07:20]} Qxd6 {[%clk 0:04:40]} 15. Qxb7
{[%clk 0:07:29]} Nd7 {[%clk 0:04:20]} 16. Qb3 {[%clk 0:06:21]} Rfc8
{[%clk 0:03:16]} 17. Rfd1 {[%clk 0:06:24]} Qc7 {[%clk 0:02:46]} 18. d5
{[%clk 0:06:25]} Nf6 {[%clk 0:02:31]} 19. Qd3 {[%clk 0:06:13]} g6
{[%clk 0:02:25]} 20. Rab1 {[%clk 0:05:17]} Qd6 {[%clk 0:01:31]} 21. h3
{[%clk 0:05:14]} Ne4 {[%clk 0:00:58]} 22. Qa3 {[%clk 0:04:44]} Qc7
{[%clk 0:00:49]} 23. Rb3 {[%clk 0:04:16]} Nd6 {[%clk 0:00:38]} 24. Qa6
{[%clk 0:04:23]} Rd8 {[%clk 0:00:36]} 25. Ne5 {[%clk 0:04:11]} Re8 26. Nc6
{[%clk 0:03:05]} Re4 {[%clk 0:00:45]} 27. Rc1 {[%clk 0:02:46]} f4
{[%clk 0:00:34]} 28. exf4 {[%clk 0:02:45]} Rxf4 {[%clk 0:00:38]} 29. Re3
{[%clk 0:02:50]} Re4 {[%clk 0:00:37]} 30. Rce1 {[%clk 0:01:53]} Rxc4
{[%clk 0:00:21]} 31. Re7 {[%clk 0:01:36]} Qb6 {[%clk 0:00:29]} 32. Qa3
{[%clk 0:01:34]} a5 {[%clk 0:00:21]} 33. Rd7 {[%clk 0:01:28]} Nf5
{[%clk 0:00:22]} 34. Qd3 {[%clk 0:01:30]} Rh4 {[%clk 0:00:18]} 35. Rb1
{[%clk 0:01:11]} Qa6 {[%clk 0:00:22]} 36. Rb8+ {[%clk 0:01:18]} Kg7
{[%clk 0:00:28]} 37. Qc3+ {[%clk 0:01:27]} Nd4 {[%clk 0:00:34]} 38. Rbb7
{[%clk 0:01:21]} Rf8 {[%clk 0:00:38]} 39. Nxd4 {[%clk 0:00:59]} Rxd4
{[%clk 0:00:39]} 40. Qf3 {[%clk 0:00:26]} Qf6 {[%clk 0:00:47]} 41. Qxf6+
{[%clk 0:00:19]} Kxf6 {[%clk 0:00:56]} 42. Rb5 {[%clk 0:00:28]} a4
{[%clk 0:01:01]} 43. Rxc5 {[%clk 0:00:36]} Rd2 {[%clk 0:01:10]} 44. a3
{[%clk 0:00:43]} Rd3 {[%clk 0:01:18]} 45. Rc6+ {[%clk 0:00:34]} Ke5
{[%clk 0:01:16]} 46. Ra6 {[%clk 0:00:21]} Rxa3 {[%clk 0:01:23]} 47. d6
{[%clk 0:00:24]} Ra1+ {[%clk 0:01:27]} 48. Kh2 {[%clk 0:00:33]} Kf6
{[%clk 0:01:29]} 49. Rda7 {[%clk 0:00:35]} Rd8 {[%clk 0:01:36]} 50. g4
{[%clk 0:00:26]} a3 {[%clk 0:01:34]} 51. h4 {[%clk 0:00:31]} h6 {[%clk 0:01:41]}
52. g5+ {[%clk 0:00:21]} hxg5 {[%clk 0:01:49]} 53. hxg5+ {[%clk 0:00:31]} Kxg5
{[%clk 0:01:49]} 54. Rxf7 {[%clk 0:00:36]} a2 {[%clk 0:01:49]} 55. d7
{[%clk 0:00:16]} Rd1 {[%clk 0:01:40]} 56. Rxa2 {[%clk 0:00:16]} R8xd7
{[%clk 0:01:48]} 57. Rf3 {[%clk 0:00:17]} R7d6 {[%clk 0:01:39]} 58. Ra5+
{[%clk 0:00:19]} R1d5 {[%clk 0:01:45]} 59. Raa3 {[%clk 0:00:22]} Rd4
{[%clk 0:01:54]} 60. Rg3+ {[%clk 0:00:24]} Kf5 {[%clk 0:01:58]} 61. Ra5+
{[%clk 0:00:19]} R4d5 {[%clk 0:02:06]} 62. Ra8 {[%clk 0:00:24]} Rd4
{[%clk 0:02:05]} 63. Rf8+ {[%clk 0:00:31]} Ke5 {[%clk 0:01:55]} 64. Rg5+
{[%clk 0:00:17]} Ke4 {[%clk 0:01:58]} 65. Kg3 {[%clk 0:00:26]} Rd1
{[%clk 0:01:54]} 66. Rf4+ {[%clk 0:00:19]} Kd3 {[%clk 0:02:00]} 67. Kg2
{[%clk 0:00:24]} Re1 {[%clk 0:01:58]} 68. Rg3+ {[%clk 0:00:29]} Kd2
{[%clk 0:02:06]} 69. Ra4 {[%clk 0:00:30]} Ree6 {[%clk 0:02:00]} 70. Ra2+
{[%clk 0:00:25]} Ke1 {[%clk 0:02:06]} 71. Kh2 {[%clk 0:00:23]} Kd1
{[%clk 0:02:03]} 72. Rg1+ {[%clk 0:00:31]} 1-0

[Event "Russian Rapid Team Championship (w)"]
[Site "Sochi"]
[Date "2022.10.18"]
[Round "2.5"]
[White "Pogonina, Natalija"]
[Black "Bodnaruk, Anastasia"]
[Result "1-0"]
[BlackElo "2278"]
[WhiteElo "2466"]
[LiveChessVersion "1.4.8"]

1. d4 {[%clk 0:15:17]} Nf6 {[%clk 0:15:19]} 2. g3 {[%clk 0:15:24]} g6
{[%clk 0:15:26]} 3. Bg2 {[%clk 0:15:32]} Bg7 {[%clk 0:15:33]} 4. e4
{[%clk 0:15:36]} d6 {[%clk 0:15:29]} 5. Nc3 {[%clk 0:15:35]} O-O {[%clk 0:15:31]}
6. Nge2 {[%clk 0:15:41]} e5 {[%clk 0:15:30]} 7. h3 {[%clk 0:15:40]} Nc6
{[%clk 0:15:27]} 8. Be3 {[%clk 0:15:35]} exd4 {[%clk 0:13:14]} 9. Nxd4
{[%clk 0:15:40]} Bd7 {[%clk 0:13:14]} 10. O-O {[%clk 0:13:13]} Re8
{[%clk 0:13:21]} 11. Nb3 {[%clk 0:13:13]} Ne5 {[%clk 0:12:47]} 12. Qe2
{[%clk 0:12:25]} Be6 {[%clk 0:10:46]} 13. Rfd1 {[%clk 0:10:37]} Nc4
{[%clk 0:09:46]} 14. Rab1 {[%clk 0:09:42]} Nxe3 {[%clk 0:09:03]} 15. Qxe3
{[%clk 0:09:50]} c6 {[%clk 0:07:12]} 16. Qf4 {[%clk 0:08:09]} Bf8
{[%clk 0:06:44]} 17. Nd4 {[%clk 0:07:43]} Bd7 {[%clk 0:06:20]} 18. Nf3
{[%clk 0:07:23]} Nh5 {[%clk 0:06:01]} 19. Qd2 {[%clk 0:07:26]} Ng7
{[%clk 0:05:04]} 20. b4 {[%clk 0:06:08]} b5 {[%clk 0:04:44]} 21. e5
{[%clk 0:05:03]} d5 {[%clk 0:04:35]} 22. Ne2 {[%clk 0:05:09]} Ne6
{[%clk 0:04:05]} 23. c3 {[%clk 0:04:52]} Bg7 {[%clk 0:04:07]} 24. Ned4
{[%clk 0:04:51]} Qc7 {[%clk 0:03:28]} 25. Re1 {[%clk 0:04:49]} f6
{[%clk 0:02:58]} 26. exf6 {[%clk 0:04:26]} Bxf6 {[%clk 0:03:07]} 27. Nxe6
{[%clk 0:04:23]} Bxe6 {[%clk 0:03:14]} 28. Nd4 {[%clk 0:04:30]} Bf7
{[%clk 0:03:03]} 29. Rxe8+ {[%clk 0:04:14]} Rxe8 {[%clk 0:03:13]} 30. Re1
{[%clk 0:04:23]} Qd7 {[%clk 0:02:42]} 31. Kh2 {[%clk 0:03:48]} Kg7
{[%clk 0:02:26]} 32. Bf3 {[%clk 0:03:30]} Qd6 {[%clk 0:01:51]} 33. Kg2
{[%clk 0:03:11]} Be5 {[%clk 0:01:47]} 34. h4 {[%clk 0:03:14]} Qf6
{[%clk 0:01:48]} 35. Re2 {[%clk 0:03:05]} h5 {[%clk 0:01:47]} 36. a3
{[%clk 0:02:54]} Bc7 {[%clk 0:01:23]} 37. Qg5 {[%clk 0:01:30]} Rxe2
{[%clk 0:01:14]} 38. Bxe2 {[%clk 0:01:36]} Be8 {[%clk 0:01:08]} 39. Bxh5
{[%clk 0:01:02]} Qxg5 {[%clk 0:00:37]} 40. hxg5 {[%clk 0:01:09]} gxh5
{[%clk 0:00:23]} 41. Ne6+ Kg6 42. Nxc7 {[%clk 0:01:24]} Bf7 {[%clk 0:00:19]} 43.
f4 {[%clk 0:01:26]} Kf5 {[%clk 0:00:17]} 44. Kf3 {[%clk 0:01:33]} Kg6
{[%clk 0:00:16]} 45. Na6 {[%clk 0:01:33]} Kf5 {[%clk 0:00:18]} 46. Nc5
{[%clk 0:01:39]} d4 {[%clk 0:00:13]} 47. cxd4 {[%clk 0:01:47]} Bd5+
{[%clk 0:00:18]} 48. Kf2 {[%clk 0:01:54]} h4 {[%clk 0:00:19]} 49. gxh4
{[%clk 0:01:33]} Kxf4 {[%clk 0:00:28]} 50. Nd3+ {[%clk 0:01:17]} Ke4
{[%clk 0:00:20]} 51. Ne5 {[%clk 0:01:05]} Kxd4 {[%clk 0:00:29]} 52. Nd7
{[%clk 0:01:13]} Bf7 {[%clk 0:00:18]} 53. Kf3 {[%clk 0:01:04]} Kc3
{[%clk 0:00:14]} 54. Ne5 {[%clk 0:00:54]} Bg8 {[%clk 0:00:14]} 55. h5
{[%clk 0:00:50]} Kb3 {[%clk 0:00:18]} 56. h6 {[%clk 0:00:58]} Kxa3
{[%clk 0:00:14]} 57. g6 {[%clk 0:01:06]} 1-0

[Event "Russian Rapid Team Championship (w)"]
[Site "Sochi"]
[Date "2022.10.18"]
[Round "2.6"]
[White "Chernyak, Viktoria"]
[Black "Girya, Olga"]
[Result "1/2-1/2"]
[BlackElo "2298"]
[WhiteElo "2152"]
[LiveChessVersion "1.4.8"]

1. c4 {[%clk 0:15:19]} Nf6 {[%clk 0:15:17]} 2. Nc3 {[%clk 0:15:27]} e5
{[%clk 0:15:26]} 3. g3 {[%clk 0:15:34]} Bb4 {[%clk 0:15:34]} 4. e4
{[%clk 0:15:37]} b5 {[%clk 0:15:35]} 5. cxb5 {[%clk 0:14:52]} a6 {[%clk 0:15:44]}
6. b6 {[%clk 0:14:13]} cxb6 {[%clk 0:15:45]} 7. Nge2 {[%clk 0:14:21]} Bb7
{[%clk 0:15:48]} 8. Bg2 {[%clk 0:14:30]} O-O {[%clk 0:15:30]} 9. d4
{[%clk 0:13:15]} Nxe4 {[%clk 0:11:10]} 10. O-O {[%clk 0:13:10]} Nxc3
{[%clk 0:11:17]} 11. bxc3 {[%clk 0:13:11]} Bxg2 {[%clk 0:11:25]} 12. Kxg2
{[%clk 0:13:18]} Bd6 {[%clk 0:11:24]} 13. dxe5 {[%clk 0:11:32]} Bxe5
{[%clk 0:11:33]} 14. Qd5 {[%clk 0:11:39]} Nc6 {[%clk 0:11:42]} 15. Rd1
{[%clk 0:10:42]} Qf6 {[%clk 0:09:11]} 16. Ba3 {[%clk 0:10:17]} Rfd8
{[%clk 0:08:22]} 17. Rd3 {[%clk 0:09:56]} Rac8 {[%clk 0:08:09]} 18. Re3
{[%clk 0:06:33]} Re8 {[%clk 0:04:43]} 19. Qxd7 {[%clk 0:06:00]} Rcd8
{[%clk 0:04:51]} 20. Qg4 {[%clk 0:05:31]} g6 {[%clk 0:04:47]} 21. Re1
{[%clk 0:04:01]} h5 {[%clk 0:04:34]} 22. Qc4 {[%clk 0:03:28]} Na5
{[%clk 0:03:39]} 23. Qa4 {[%clk 0:02:37]} Re6 {[%clk 0:02:39]} 24. Nd4
{[%clk 0:01:11]} Bxd4 {[%clk 0:02:34]} 25. cxd4 {[%clk 0:01:13]} Rxe3
{[%clk 0:01:38]} 26. fxe3 {[%clk 0:01:22]} Rc8 {[%clk 0:01:28]} 27. Rc1
{[%clk 0:01:09]} Rxc1 28. Bxc1 {[%clk 0:01:18]} Qe6 {[%clk 0:01:27]} 29. Qc2
{[%clk 0:01:17]} Nc6 {[%clk 0:01:13]} 30. Bd2 {[%clk 0:00:59]} f5
{[%clk 0:01:22]} 31. a4 {[%clk 0:00:27]} Qd5+ {[%clk 0:01:25]} 32. Kg1
{[%clk 0:00:30]} b5 {[%clk 0:01:30]} 33. axb5 {[%clk 0:00:33]} axb5
{[%clk 0:01:39]} 34. Qb2 {[%clk 0:00:35]} Kf7 {[%clk 0:01:40]} 35. Qa3
{[%clk 0:00:41]} h4 {[%clk 0:01:37]} 36. gxh4 {[%clk 0:00:45]} f4
{[%clk 0:01:19]} 37. exf4 {[%clk 0:00:42]} Nxd4 {[%clk 0:01:22]} 38. Qa7+
{[%clk 0:00:45]} Ke6 {[%clk 0:01:31]} 39. Qa6+ {[%clk 0:00:44]} Kf5
{[%clk 0:01:37]} 40. Qc8+ {[%clk 0:00:51]} Ke4 {[%clk 0:01:20]} 41. Kf2
{[%clk 0:00:59]} Ne6 {[%clk 0:00:26]} 42. Qc2+ {[%clk 0:01:01]} Qd3
{[%clk 0:00:35]} 43. Qc6+ {[%clk 0:00:56]} Qd5 {[%clk 0:00:41]} 44. Qc2+
{[%clk 0:00:42]} Qd3 {[%clk 0:00:51]} 45. Qc6+ {[%clk 0:00:50]} Kf5
{[%clk 0:00:44]} 46. Be3 {[%clk 0:00:37]} b4 {[%clk 0:00:42]} 47. Qb7
{[%clk 0:00:40]} Qc2+ {[%clk 0:00:24]} 48. Kg3 {[%clk 0:00:39]} Qb3
{[%clk 0:00:15]} 49. Kf2 {[%clk 0:00:35]} Qc2+ {[%clk 0:00:24]} 50. Kf3
{[%clk 0:00:37]} Qd1+ {[%clk 0:00:28]} 51. Kf2 {[%clk 0:00:44]} Qc2+
{[%clk 0:00:33]} 52. Kf3 {[%clk 0:00:53]} Qd1+ {[%clk 0:00:42]} 53. Kf2
{[%clk 0:01:03]} Qc2+ {[%clk 0:00:50]} 54. Kf3 {[%clk 0:01:12]} Qd1+
{[%clk 0:00:59]} 55. Ke4+ Ke5+ 1/2-1/2

[Event "Russian Rapid Team Championship (w)"]
[Site "Sochi"]
[Date "2022.10.18"]
[Round "2.7"]
[White "Garifullina, Leya"]
[Black "Garmash, Aliona"]
[Result "1-0"]
[BlackElo "2061"]
[WhiteElo "2273"]
[LiveChessVersion "1.4.8"]

1. e4 {[%clk 0:15:17]} c5 {[%clk 0:15:19]} 2. Nf3 {[%clk 0:15:25]} d6
{[%clk 0:15:27]} 3. d4 {[%clk 0:15:34]} cxd4 {[%clk 0:15:36]} 4. Nxd4
{[%clk 0:15:42]} Nf6 {[%clk 0:15:44]} 5. Nc3 {[%clk 0:15:50]} a6 {[%clk 0:15:52]}
6. h3 {[%clk 0:15:58]} e5 {[%clk 0:16:00]} 7. Nde2 {[%clk 0:16:01]} h5
{[%clk 0:16:07]} 8. g3 {[%clk 0:16:09]} Be6 {[%clk 0:16:13]} 9. Bg2
{[%clk 0:16:17]} b5 {[%clk 0:16:14]} 10. O-O {[%clk 0:15:39]} Be7
{[%clk 0:16:12]} 11. Nd5 {[%clk 0:15:08]} O-O {[%clk 0:13:42]} 12. Nec3
{[%clk 0:15:02]} Nxd5 {[%clk 0:13:29]} 13. Nxd5 {[%clk 0:14:06]} h4
{[%clk 0:13:01]} 14. Nxe7+ {[%clk 0:13:21]} Qxe7 {[%clk 0:13:09]} 15. g4
{[%clk 0:13:16]} Nd7 {[%clk 0:12:26]} 16. Be3 {[%clk 0:13:00]} Rac8
{[%clk 0:11:28]} 17. Qd2 {[%clk 0:12:27]} f6 {[%clk 0:11:20]} 18. a4
{[%clk 0:12:27]} Nc5 {[%clk 0:06:48]} 19. axb5 {[%clk 0:12:20]} axb5
{[%clk 0:06:57]} 20. Ra5 {[%clk 0:11:21]} Na4 {[%clk 0:05:27]} 21. b3
{[%clk 0:09:51]} Nc3 {[%clk 0:05:29]} 22. Ra7 {[%clk 0:09:35]} Rc7
{[%clk 0:04:41]} 23. Rfa1 {[%clk 0:09:43]} b4 {[%clk 0:04:35]} 24. R1a6
{[%clk 0:08:09]} Bf7 {[%clk 0:01:35]} 25. Qd3 {[%clk 0:05:40]} Rfc8
{[%clk 0:01:11]} 26. Rxc7 {[%clk 0:05:34]} Qxc7 {[%clk 0:00:54]} 27. g5
{[%clk 0:03:00]} Bh5 {[%clk 0:00:23]} 28. gxf6 {[%clk 0:02:22]} gxf6
{[%clk 0:00:31]} 29. Rxd6 {[%clk 0:02:21]} Qg7 {[%clk 0:00:23]} 30. Rd7
{[%clk 0:02:08]} Qg6 {[%clk 0:00:25]} 31. Kh2 {[%clk 0:02:05]} Kh8
{[%clk 0:00:23]} 32. Rd8+ {[%clk 0:02:10]} Rxd8 {[%clk 0:00:31]} 33. Qxd8+
{[%clk 0:02:19]} Kh7 {[%clk 0:00:33]} 34. Qe7+ {[%clk 0:02:06]} Kh8
{[%clk 0:00:34]} 35. Qxb4 {[%clk 0:02:13]} Ne2 {[%clk 0:00:32]} 36. Qb8+
{[%clk 0:02:05]} Kh7 {[%clk 0:00:40]} 37. Qc7+ {[%clk 0:02:14]} Kh8
{[%clk 0:00:48]} 38. Qc8+ {[%clk 0:02:21]} Kg7 {[%clk 0:00:52]} 39. Qf5
{[%clk 0:02:28]} Qe8 {[%clk 0:00:30]} 40. Bf3 {[%clk 0:02:29]} Bg6
{[%clk 0:00:35]} 41. Qg4 {[%clk 0:02:36]} Nd4 {[%clk 0:00:33]} 42. Bxd4
{[%clk 0:02:43]} exd4 {[%clk 0:00:42]} 43. Qxh4 {[%clk 0:02:50]} Qc6
{[%clk 0:00:42]} 44. Bd1 {[%clk 0:02:06]} Bxe4 {[%clk 0:00:31]} 45. Qg3+
{[%clk 0:02:14]} Kh8 {[%clk 0:00:22]} 46. b4 {[%clk 0:01:42]} Bxc2
{[%clk 0:00:17]} 47. Bxc2 {[%clk 0:01:40]} Qxc2 {[%clk 0:00:26]} 48. Qh4+
{[%clk 0:01:48]} Kg7 {[%clk 0:00:32]} 49. Qxd4 {[%clk 0:01:57]} Qc7+
{[%clk 0:00:35]} 50. Kg2 {[%clk 0:01:50]} Qc6+ {[%clk 0:00:44]} 51. Kg3
{[%clk 0:01:58]} Qc7+ {[%clk 0:00:50]} 52. Qf4 {[%clk 0:01:58]} Qc3+
{[%clk 0:00:57]} 53. Kh2 {[%clk 0:02:07]} Qb2 {[%clk 0:00:47]} 54. Kg2
{[%clk 0:02:01]} Kg6 {[%clk 0:00:49]} 55. Qg4+ {[%clk 0:02:07]} Kf7
{[%clk 0:00:50]} 56. Qc4+ {[%clk 0:02:11]} Kg6 {[%clk 0:00:53]} 57. b5
{[%clk 0:02:19]} f5 {[%clk 0:00:53]} 58. Qe6+ {[%clk 0:02:14]} Kg5
{[%clk 0:00:58]} 59. b6 {[%clk 0:02:11]} f4 {[%clk 0:00:47]} 60. Qg4+
{[%clk 0:02:18]} Kf6 {[%clk 0:00:50]} 61. Qxf4+ {[%clk 0:02:27]} Kg6
{[%clk 0:00:56]} 62. Qe4+ {[%clk 0:02:31]} 1-0

[Event "Russian Rapid Team Championship (w)"]
[Site "Sochi"]
[Date "2022.10.18"]
[Round "2.8"]
[White "Yurasova, Daria"]
[Black "Guseva, Marina"]
[Result "1/2-1/2"]
[BlackElo "2273"]
[WhiteElo "2053"]
[LiveChessVersion "1.4.8"]

1. Nf3 {[%clk 0:15:18]} Nf6 {[%clk 0:15:13]} 2. b3 {[%clk 0:15:26]} d5
{[%clk 0:15:19]} 3. Bb2 {[%clk 0:15:34]} e6 {[%clk 0:15:07]} 4. e3
{[%clk 0:15:40]} Be7 {[%clk 0:15:15]} 5. Be2 {[%clk 0:15:49]} O-O
{[%clk 0:15:23]} 6. O-O {[%clk 0:15:57]} b6 {[%clk 0:15:30]} 7. c4
{[%clk 0:16:03]} Bb7 {[%clk 0:15:38]} 8. d3 {[%clk 0:16:12]} c5 {[%clk 0:15:40]}
9. Nbd2 {[%clk 0:16:18]} Nc6 {[%clk 0:15:42]} 10. cxd5 {[%clk 0:16:25]} Nxd5
{[%clk 0:15:39]} 11. a3 {[%clk 0:16:28]} Bf6 {[%clk 0:15:38]} 12. Qc2
{[%clk 0:16:29]} Bxb2 {[%clk 0:15:33]} 13. Qxb2 {[%clk 0:16:37]} Qe7
{[%clk 0:15:41]} 14. Rac1 {[%clk 0:16:40]} Rfd8 {[%clk 0:15:42]} 15. Rfd1
{[%clk 0:16:41]} h6 {[%clk 0:15:44]} 16. Nc4 {[%clk 0:16:30]} Rac8
{[%clk 0:15:36]} 17. Bf1 {[%clk 0:16:38]} Nf6 {[%clk 0:14:21]} 18. h3
{[%clk 0:16:32]} Rc7 {[%clk 0:12:54]} 19. Nce5 {[%clk 0:15:54]} Nxe5
{[%clk 0:12:58]} 20. Nxe5 {[%clk 0:16:01]} Nd7 {[%clk 0:11:38]} 21. Nc4
{[%clk 0:15:28]} Nb8 {[%clk 0:11:19]} 22. b4 {[%clk 0:13:54]} Rdc8
{[%clk 0:10:09]} 23. bxc5 {[%clk 0:13:45]} Rxc5 {[%clk 0:10:16]} 24. d4
{[%clk 0:12:02]} R5c7 {[%clk 0:10:19]} 25. Ne5 {[%clk 0:11:45]} Qd6
{[%clk 0:07:54]} 26. a4 {[%clk 0:11:18]} Nc6 {[%clk 0:07:50]} 27. Nd3
{[%clk 0:09:38]} Ba6 {[%clk 0:06:42]} 28. Nf4 {[%clk 0:07:58]} Bxf1
{[%clk 0:06:00]} 29. Rxf1 {[%clk 0:08:06]} Qb4 {[%clk 0:04:31]} 30. Qc2
{[%clk 0:04:03]} Qd6 {[%clk 0:04:02]} 31. Qe4 {[%clk 0:03:41]} Ne7
{[%clk 0:02:13]} 32. Ra1 {[%clk 0:03:38]} Rc4 {[%clk 0:01:53]} 33. Qf3
{[%clk 0:03:37]} Qc6 {[%clk 0:01:50]} 34. Qxc6 {[%clk 0:02:25]} R8xc6
{[%clk 0:01:29]} 35. Nd3 {[%clk 0:02:25]} Rc3 {[%clk 0:01:16]} 36. Ne5
{[%clk 0:02:33]} Rc7 {[%clk 0:01:21]} 37. Rfb1 {[%clk 0:02:36]} f6
{[%clk 0:01:23]} 38. Nf3 {[%clk 0:02:38]} Nc6 {[%clk 0:01:14]} 39. Rd1
{[%clk 0:02:33]} Nb4 {[%clk 0:01:08]} 40. Nd2 {[%clk 0:02:33]} Rc2
{[%clk 0:00:45]} 41. Ne4 {[%clk 0:02:33]} Nd5 {[%clk 0:00:38]} 42. a5
{[%clk 0:02:10]} b5 {[%clk 0:00:30]} 43. Nc5 {[%clk 0:02:18]} Kf7
{[%clk 0:00:37]} 44. a6 {[%clk 0:01:48]} Nc3 {[%clk 0:00:38]} 45. Re1
{[%clk 0:01:46]} e5 {[%clk 0:00:46]} 46. Kf1 {[%clk 0:01:36]} b4 {[%clk 0:00:30]}
47. Rec1 {[%clk 0:01:07]} Rxc1+ {[%clk 0:00:29]} 48. Rxc1 {[%clk 0:01:17]} exd4
{[%clk 0:00:37]} 49. exd4 {[%clk 0:01:26]} Nb5 {[%clk 0:00:45]} 50. Rc4
{[%clk 0:01:10]} b3 {[%clk 0:00:40]} 51. Rb4 {[%clk 0:01:18]} Nxd4
{[%clk 0:00:46]} 52. Rb7 {[%clk 0:01:15]} Nb5 {[%clk 0:00:42]} 53. Rxb5
{[%clk 0:01:20]} b2 {[%clk 0:00:49]} 54. Rxb2 {[%clk 0:01:06]} Rxc5
{[%clk 0:00:58]} 55. Rb7+ {[%clk 0:01:15]} Kg6 {[%clk 0:01:07]} 56. Rxa7
{[%clk 0:01:24]} h5 {[%clk 0:01:14]} 57. h4 {[%clk 0:01:28]} Ra5 {[%clk 0:01:21]}
58. g3 {[%clk 0:01:37]} Kh6 {[%clk 0:01:25]} 59. Kg2 {[%clk 0:01:42]} g5
{[%clk 0:01:26]} 60. hxg5+ {[%clk 0:01:51]} fxg5 {[%clk 0:01:33]} 61. Ra8
{[%clk 0:01:32]} Kg7 {[%clk 0:01:37]} 62. f4 {[%clk 0:01:22]} gxf4
{[%clk 0:01:08]} 63. gxf4 {[%clk 0:01:31]} Rf5 {[%clk 0:01:17]} 64. a7
{[%clk 0:01:31]} Rf7 {[%clk 0:01:26]} 65. Kh3 {[%clk 0:01:00]} Kf6
{[%clk 0:01:34]} 66. Kg3 {[%clk 0:00:37]} Kf5 {[%clk 0:01:33]} 67. Kh4
{[%clk 0:00:20]} Kxf4 {[%clk 0:01:36]} 68. Kxh5 {[%clk 0:00:27]} Kf5
{[%clk 0:01:45]} 69. Kh4 {[%clk 0:00:30]} Kf4 {[%clk 0:01:54]} 70. Kh5
{[%clk 0:00:32]} Kf5 1/2-1/2

[Event "Russian Rapid Team Championship (w)"]
[Site "Sochi"]
[Date "2022.10.18"]
[Round "2.9"]
[White "Strutinskaia, Galina"]
[Black "Voit, Daria"]
[Result "0-1"]
[BlackElo "2297"]
[WhiteElo "1997"]
[LiveChessVersion "1.4.8"]

1. d4 {[%clk 0:15:19]} Nf6 {[%clk 0:15:19]} 2. Nf3 {[%clk 0:15:27]} d5
{[%clk 0:15:27]} 3. c4 {[%clk 0:15:35]} e6 {[%clk 0:15:36]} 4. Nc3
{[%clk 0:15:43]} Bb4 {[%clk 0:15:44]} 5. Qa4+ {[%clk 0:15:46]} Nc6
{[%clk 0:15:52]} 6. Bd2 {[%clk 0:15:49]} O-O {[%clk 0:15:57]} 7. e3
{[%clk 0:15:58]} a6 {[%clk 0:15:48]} 8. Qc2 {[%clk 0:16:06]} dxc4
{[%clk 0:15:56]} 9. Bxc4 {[%clk 0:16:13]} Bd6 {[%clk 0:16:05]} 10. Rd1
{[%clk 0:16:13]} e5 {[%clk 0:15:58]} 11. dxe5 {[%clk 0:16:05]} Nxe5
{[%clk 0:16:06]} 12. Be2 {[%clk 0:16:07]} Qe7 {[%clk 0:16:03]} 13. O-O
{[%clk 0:15:54]} Bg4 {[%clk 0:15:59]} 14. Nxe5 {[%clk 0:15:38]} Qxe5
{[%clk 0:16:01]} 15. f4 {[%clk 0:15:45]} Qc5 {[%clk 0:15:44]} 16. Rc1
{[%clk 0:15:22]} Rfe8 {[%clk 0:15:31]} 17. Bf3 {[%clk 0:15:07]} Rxe3
{[%clk 0:12:46]} 18. Kh1 {[%clk 0:13:38]} Re7 {[%clk 0:11:34]} 19. Bxb7
{[%clk 0:13:39]} Rb8 {[%clk 0:11:33]} 20. Bxa6 {[%clk 0:13:35]} Qh5
{[%clk 0:10:54]} 21. Bd3 {[%clk 0:13:16]} Rbe8 {[%clk 0:09:05]} 22. a3
{[%clk 0:12:35]} Bc8 {[%clk 0:08:59]} 23. Nb5 {[%clk 0:08:05]} Ng4
{[%clk 0:08:57]} 24. h3 {[%clk 0:08:13]} Bb7 {[%clk 0:08:57]} 25. Kg1
{[%clk 0:08:08]} Re2 {[%clk 0:08:53]} 26. Bxh7+ {[%clk 0:06:30]} Qxh7
{[%clk 0:07:57]} 0-1